State by Nickname - Statistics

General Stats
  • This quiz has been taken 25 times
  • The average score is 27 of 50
Answer Stats
Hint Answer % Correct
Aloha State Hawaii
100%
The Grand Canyon State Arizona
88%
The Great Lakes State Michigan
82%
The Mount Rushmore State South Dakota
82%
Lone Star State Texas
82%
The Golden State California
76%
The First State Delaware
76%
Empire State New York
76%
Sunshine State Florida
71%
Garden State New Jersey
71%
Badger State Wisconsin
71%
Peach State Georgia
65%
Hoosier State Indiana
65%
Buckeye State Ohio
65%
Volunteer State Tennessee
65%
The Last Frontier Alaska
59%
Constitution State Connecticut
59%
Hawkeye State Iowa
59%
Bluegrass State Kentucky
59%
Pelican State Louisiana
59%
Cornhusker State Nebraska
59%
Sooner State Oklahoma
59%
Beaver State Oregon
59%
Silver State Nevada
53%
First in Flight State North Carolina
53%
Keystone State Pennsylvania
53%
Beehive State Utah
53%
Green Mountain State Vermont
53%
Heart of Dixie Alabama
47%
Pine Tree State Maine
47%
The Bay State Massachusetts
47%
North Star State Minnesota
47%
Ocean State Rhode Island
47%
Palmetto State South Carolina
47%
The Old Dominion Virginia
47%
Evergreen State Washington
47%
Old Line State Maryland
41%
Land of Enchantment New Mexico
41%
Mountain State West Virginia
41%
The Natural State Arkansas
35%
Gem State Idaho
35%
Prairie State Illinois
35%
Sunflower State Kansas
35%
Magnolia State Mississippi
35%
Granite State New Hampshire
35%
Peace Garden State North Dakota
35%
Equality State Wyoming
35%
Centennial State Colorado
29%
Show-Me State Missouri
29%
Treasure State Montana
29%
No matching quizzes found
Score Distribution
Percent of People with Each Score
Percentile by Number Answered
Your Score History
You have not taken this quiz